000 00680cam a22002171 4500
001 sa 66001027
003 DLC
005 20260227112219.0
008 960923s1952 pk 000 0 pusr
010 _asa 66001027
025 _aPL480:P-Pushto-116
035 _a(OCoLC)35619539
040 _aDLC
_cCLU
_dCLU
_dDLC
042 _apremarc
050 0 0 _aJC381
_b.K5 1952
100 0 _aKhwushḥāl Khān,
_dactive 17th century.
245 1 0 _aDastārnāmah.
_cauthor: Kwushḥāl Khān Kaṭṭak. Introduction by Muḥammad ʻAbd al-Shukūr.
260 _aPeṣhawar,
_bIdārah-yi Ishāʻat-i Sarḥad,
_c1952.
300 _a13, 278, 11 p.
_c22 cm.
650 0 _aKings and rulers.
999 _c67556
_d67556